50 matches avec l'OM_Mort Subite (difficile) - Statistiques

Statistiques générales
  • Ce quiz a été pris 77 fois
  • Le résultat moyen est 3 sur 17
Answers on the Grid
Answers color-coded by a green-red scale on the quiz's grid according to % correct below.
Alexis Sánchez
Arkadiusz Milik
Azzedine Ounahi
Bafétimbi Gomis
Bamba Dieng
Brice Dja Djédjé
Christophe Dugarry
Claude Makélélé
Didier Drogba
Enzo Francescoli
Frank Leboeuf
Georges-Kevin N'Koudou
Gerson
Giannelli Imbula
Jacques Abardonado
Javier Manquillo
Karim Rekik
Konstantinos Mitroglou
Lassana Diarra
Marcel Desailly
Mario Lemina
Mason Greenwood*
Nemanja Radonjic
Pierre-Emile Højbjerg*
Quentin Merlin
Rudi Völler
Saîf-Eddine Khaoui
Samuel Gigot
Sead Kolasinac
Toifilou Maoulida
Ulisses Garcia
William Saliba
Zoumana Camara
 
Statistiques - réponses
Réponse % Correct
70matches Mason Greenwood*
39%
55 matches Arkadiusz Milik
34%
64 matches* Pierre-Emile Højbjerg*
32%
54 matches Didier Drogba
27%
60 matches Marcel Desailly
27%
73 matches Christophe Dugarry
24%
56 matches Frank Leboeuf
17%
73 matches Rudi Völler
17%
70 matches Brice Dja Djédjé
15%
54 matches Bamba Dieng
12%
61 matches Gerson
12%
69 matches Toifilou Maoulida
12%
66 matches Samuel Gigot
7%
52 matches William Saliba
7%
58 matches Sead Kolasinac
5%
76 matches Giannelli Imbula
2%
63 matches Nemanja Radonjic
2%
Aucun quiz correspondant
Distribution des résultats
% des personnes avec chaque résultat
Percentile par nombre de réponses
Votre historique - résultats
Vous n’avez pas pris ce quiz